000 00383 a2200133 4500
000 nam a22 7a 4500
100 _aGrandhi Surendra
110 _aGrandhi Surendra
245 _aTextbook of Biochemistry and Clinical Pathology for Diploma in Pharmacy Students
250 _aLatest edition
260 _bCBS Publication
_c2026
264 _bCBS Publication
_c2026
942 _cBK
999 _c393639
_d393639